| 000 | 01744nam a2200325 a 4500 | ||
|---|---|---|---|
| 001 | ebr10056845 | ||
| 003 | CaPaEBR | ||
| 006 | m u | ||
| 007 | cr cn||||||||| | ||
| 008 | 910617s1992 dcua sb 000 0 eng | ||
| 010 | _z 91062280 | ||
| 020 | _z0309040922 (pbk.) | ||
| 040 |
_aCaPaEBR _cCaPaEBR |
||
| 035 | _a(OCoLC)70721890 | ||
| 050 | 1 | 4 |
_aRG559 _b.I55 1992eb |
| 082 | 0 | 4 |
_a362.1/9639/0091724 _220 |
| 110 | 2 |
_aInstitute of Medicine (U.S.). _bSubcommittee on Nutrition and Diarrheal Diseases Control. |
|
| 245 | 1 | 0 |
_aNutrition issues in developing countries _h[electronic resource] : _bpart I, diarrheal diseases, part II, diet and activity during pregnancy and lactation / _cSubcommittee on Nutrition and Diarrheal Diseases Control, Subcommittee on Diet, Physical Activity, and Pregnancy Outcome [and] Committee on International Nutrition Programs [of the] Food and Nutrition Board, Institute of Medicine. |
| 260 |
_aWashington, D.C. : _bNational Academy Press, _c1992. |
||
| 300 |
_a189 p. : _bill. |
||
| 504 | _aIncludes bibliographical references. | ||
| 533 |
_aElectronic reproduction. _bPalo Alto, Calif. : _cebrary, _d2013. _nAvailable via World Wide Web. _nAccess may be limited to ebrary affiliated libraries. |
||
| 650 | 0 |
_aPregnancy _zDeveloping countries _xNutritional aspects. |
|
| 650 | 0 |
_aDiarrhea, Infantile _zDeveloping countries _xNutritional aspects. |
|
| 650 | 0 |
_aDiarrhea in children _zDeveloping countries _xNutritional aspects. |
|
| 650 | 0 |
_aLactation _zDeveloping countries _xNutritional aspects. |
|
| 655 | 7 |
_aElectronic books. _2local |
|
| 710 | 2 | _aebrary, Inc. | |
| 856 | 4 | 0 |
_uhttp://site.ebrary.com/lib/rucke/Doc?id=10056845 _zAn electronic book accessible through the World Wide Web; click to view |
| 999 |
_c70318 _d70318 |
||